000 00481nam a2200157Ia 4500
999 _c23181
_d23181
003 OSt
005 20200611095209.0
008 190216s9999||||xx |||||||||||||| ||und||
040 _coclc
082 _a294
_bHOP/R
100 _a Hopkins, Edward Washburn
_92764
245 4 _aThe Religions Of India /
_cEdward Washburn Hopkins
260 _bMunshiram Manoharlal Pub Pvt Ltd,
_c1977.
_aNew Delhi:
300 _a612p
942 _cBK
_2ddc
_h294
_iHOP/R
_k294
_mHOP/R